|
|
|
|
| LEADER |
00000nam0a2200000 4500 |
| 001 |
365116 |
| 005 |
20231102011744.0 |
| 035 |
|
|
|a (RuTPU)RU\TPU\retro\22479
|
| 090 |
|
|
|a 365116
|
| 100 |
|
|
|a 20211213d1981 km y0rusy50 ca
|
| 101 |
0 |
|
|a rus
|
| 102 |
|
|
|a RU
|
| 105 |
|
|
|a a z 001zy
|
| 200 |
1 |
|
|a Виды и функции материализации в обучении
|f Н. Г. Салмина
|
| 210 |
|
|
|a Москва
|c Изд-во МГУ
|d 1981
|
| 215 |
|
|
|a 136 с.
|c ил.
|
| 320 |
|
|
|a Библиогр.: с. 129-133
|
| 606 |
1 |
|
|a Методика преподавания
|x Учебных предметов в общеобразовательной школе
|2 stltpush
|3 (RuTPU)RU\TPU\subj\43486
|9 62980
|
| 610 |
1 |
|
|a обучение
|
| 610 |
1 |
|
|a материализация
|
| 610 |
1 |
|
|a виды
|
| 610 |
1 |
|
|a функции
|
| 610 |
1 |
|
|a формы
|
| 610 |
1 |
|
|a формирование
|
| 610 |
1 |
|
|a усвоение
|
| 610 |
1 |
|
|a знания
|
| 610 |
1 |
|
|a учебная деятельность
|
| 610 |
1 |
|
|a моделирование
|
| 686 |
|
|
|a Ч426
|v LBC/SL-A
|2 rubbk
|
| 700 |
|
1 |
|a Салмина
|b Н. Г.
|g Нина Гавриловна
|
| 801 |
|
1 |
|a RU
|b 63413507
|c 20211213
|
| 942 |
|
|
|c BK
|